000 01707cam a22002775a 4500
001 L157624
002 17993
008 100709s2007 xxk 000 0 eng u
020 _a9781847039552
035 _a(Sirsi) u157624
041 0 _aeng
050 0 4 _a692.8 $2 18
110 2 _aJoint Contracts Tribunal
_93664
240 0 0 _aICD 05
245 0 0 _aICD
_bintermediate building contract with contractor's design 2005, revision 2, 2009
260 _aLondon
_bSweet and Maxwell
_c2009
300 _aiv, 92p.
_c30cm
350 _a45.76
490 _aJCT Intermediate Building Contract With Contractor's Design (2005 Edition)
520 _aAgreement for simple building works without complex building service installations or other specialist work. The contract can be used where the requirements for the contractor's design of discrete parts of the works are detailed by or on behalf of the employer and drawings bills of quantities, specifications or work schedules defining the quantity and quality of the work are provided. This form should only be used where there is a contract administrator and quantity surveyor to administer the conditions. It is suitable for projects which are to be carried out in sections, for private and local authority employers and where provisions are required to cover named specialists. It is not suitable as a design and build contract.
650 2 4 _aJCT INTERMEDIATE BUILDING CONTRACT WITH CONTRACTOR'S DESIGN (2005 EDITION)
650 2 4 _aJCT INTERMEDIATE BUILDING CONTRACT (2005 EDITION)
651 4 _aUnited Kingdom
_y
690 _aBUILT ENVIRONMENT-BUILDING CONTRACT FORMS-STANDARD FORMS OF BUILDING CONTRACT-JOINT CONTRACTS TRIBUNAL CONTRACTS
942 _n0
999 _c114878
_d114878